000 01347nam0a22003131 4500
001 rc\3137797
005 20120615100626.0
021 _aRU
_b75-61855
021 _aRU
_bРг5219-76
035 _a(NLR Aleph) 007288970
090 _a5589339
_c5589339
100 _a20120615d1975 |||y0rusy50 ca
101 0 _arus
102 _aRU
105 _ay z |||||
200 1 _aСоциально-экономические аспекты преобразования села
_fМ-во с. х. БССР. Отд. науч.-техн. информации по сел. хоз-ву ЦНИИМЭСХ
210 _aМинск
_cБ. и.
_d1975
215 _a72 с.
_d19
225 1 _aОбзорная информация
300 _aНа обороте тит. л.: подгот. кандидаты экон. наук В.Ф. Тарасевич и В.В. Лешкевич
320 _aБиблиогр.: с. 66-71
700 1 _aТарасевич
_bВ. Ф.
_gВладимир Федорович
701 1 _aЛешкевич
_bВ. В.
712 0 2 _aЦНИИ механизации и электрификации сельского хозяйства нечерноземной зоны СССР
_cМинск
_3RU\NLR\AUTH\889985575
801 0 _aRU
_bNLR
_gpsbo
801 1 _aRU
_bELAR
_2rusmarc
852 _aNLR
_j76-4/14947
942 _cBOOK
980 _aNB